000
00312nam a22001217a 4500
008
160506b xxu||||| |||| 00| 0 eng d
020
_a
9780716749479
020
_a
0716749475
041
_a
eng
080
_a
61
245
_a
Immunology:
_c
Richard A. Goldsby; Thomas J. Kindt; Barbara A. Osborne;
942
_2
udc
_c
BK
999
_c
1868
_d
1868